• 首页
  • 本馆介绍
  • 公告通知
  • 最新文献
  • 馆藏检索
  • 电子资源
  • 读者导购
  • 参考咨询
  • 我的图书馆
  • 登录
  • 详细信息显示
  • 放入我的书架
  • 预约/预借图书
  • 作者相关作品
  • 分类相关作品
  • 丛书相关作品
  • 出版社相关作品

书目信息

  • 表格格式
  • 工作单格式
  • 卡片格式
题名:
经济学原理
    
 
作者: 英马歇尔 ;朱志泰
分册: 上册  
出版信息: 北京   商务印书馆  23774
页数: 331页
开本: 20cm
丛书名:
单 册:
中图分类: F
科图分类:
主题词: 经济
电子资源:
ISBN: 7-100-01157-4
000 00553nam0 2200193 450
001 0728815141
005 20070819080015.14
010    @a7-100-01157-4@d¥20.00
100    @a20070819d km y0chiy0120 ea
101 0  @achi
200 1  @a经济学原理@Ajing ji xue yuan li@h上册@f[英]马歇尔@F[ying]ma xie er@g朱志泰@Gzhu zhi tai
210    @a北京@c商务印书馆@d23774
215    @a331页@d20cm
606 0  @a经济
690    @aF@v3
701  0 @a英马歇尔@Aying ma xie er
702  0 @a朱志泰@Azhu zhi tai
801  0 @aCN@bPFT@c20070819
905    @a213230@dF@eZW36:1@f1
    
    经济学原理.上册/[英]马歇尔/朱志泰.-北京:商务印书馆,23774
    331页;20cm
    
    
    ISBN 7-100-01157-4:¥20.00
    
●
相关链接 在E读中查询图书 在五车中查询图书 在当当中查询图书 在豆瓣中查询图书


正题名:经济学原理     索取号:F/ZW36:1         预约/预借

序号 登录号 条形码 馆藏地/架位号 状态 备注
1 7601583   276015839   密集书库-文学院/ [索取号:F/ZW36:1] 在馆    
唐山师范学院图书馆 欢迎您!
大连网信软件有限公司© 版权所有